000 00529nam a2200169 i 4500
001 89889
003 ES-MaACL
005 20230906180309.0
007 t|
008 050114s1915 sp |||| | spa d
100 1 _aLatorre, Germán.
_970531
245 1 3 _aLa enseñanza de la geografía en la Casa de Contratación /
_cGermán Latorre.
260 _aMadrid :
_b[s.n.],
_c1915 (
_fEstab. Tip. de Jaime Ratés)
300 _a39 p. ;
_c26 cm.
650 0 4 _aGeografía-
_xEnseñanza-
_zEspaña.
_9170694
852 _aES-MaACL
_j1502-F-3
999 _c89889
_d89889